Score 0/14 Timer 04:00
2 Plays Today
Movie Missing Word % Correct
Don't Be ____ of the DarkAfraid
97.1%
The Dark ____ RisesKnight
89.5%
____ Dark ThirtyZero
88%
You Will Meet a ____ Dark StrangerTall
78.6%
Taxi to the Dark ____Side
71.6%
____ Siege 2: Dark TerritoryUnder
66.1%
Dark Was the ____Night
64.7%
Movie Missing Word % Correct
A ____ in the DarkShot
63.9%
____ Until DarkWait
62%
____: Dark of the MoonTransformers
51%
Thor: The Dark ____World
42.7%
Dark ____Shadows
24.8%
____ in the DarkDancer
12.1%
____ of the DarkFear
8.4%

Today's Daily Dose

Remove Ads.
Support Sporcle.
Get the best of Sporcle when you Go Orange. This ad-free experience offers more features, more stats, and more fun while also helping to support Sporcle. Thank you for becoming a member.

You're not logged in!

Compare scores with friends on all Sporcle quizzes.
OR
Log In

Show Comments

Extras

Top Quizzes Today


Score Distribution

Your Account Isn't Verified!

In order to create a playlist on Sporcle, you need to verify the email address you used during registration. Go to your Sporcle Settings to finish the process.

Report this User

Report this user for behavior that violates our Community Guidelines.

Details: